000 01179cam a2200265 a 4500
001 000007281
003 DO-SdBNP
005 20251027135203.0
008 000920s1999 ve ab s f101 0 spa
020 _a9800303057
040 _aDO-SdBNP
_bspa
_cBNPHU
082 _a338.987
_bH764m
111 2 _aJornadas Geográficas (Venezuela)
_d1998 :
_cCaracas, Venezuela)
_920207
245 1 3 _aEl hombre venezolano y el siglo XXI :
_bmemoria de las Jornadas Geográficas /.
260 _aCaracas, (Venezuela) :
_bComisión Presidencial V Centenario de Venezuela,
_c1999.
300 _aiv, 460 p. :
_bil., mapas ;
_c22 cm.
650 4 _aDesarrollo sostenible
_zVenezuela
_vCongresos, conferencias, etc.
_920209
650 4 _aRecursos naturales
_zVenezuela
_vCongresos, conferencias, etc.
_920210
650 4 _aGeografía humana
_zVenezuela
_vCongresos, conferencias, et.
_920211
650 4 _aGeografía física
_zVenezuela
_vCongresos, conferencias, etc.
_920212
651 0 _aVenezuela
_xCondiciones económicas
_y1958-
_vCongresos, conferencias, etc.
_926230
710 2 _aComision Presidencial V Centenario de Venezuela.
_920213
910 _aCatalogación por copia / LC
942 _2ddc
_cLBS1
999 _c7062
_d7062